000 00755cab a2200241 4500
001 WB3039-09
008 090401t1994 xxu||||| |||| 00| 0 eng d
035 _a(Sirsi) u71123
041 _aeng
245 _aCommercial property markets
260 _c1994
350 _a0
490 _aEconomist
_v333(7885) 15 October 1994, 130(1)
520 _aDiscusses global economic growth and highlights the commercial property markets in the UK and United States. Graph shows prime office rents in five centres.
650 _aINTERNATIONAL MARKET
650 _aINVESTMENT MARKET
650 _aPRIME OFFICE RENTS
650 _aPROPERTY CYCLE
650 _aUNITED STATES
690 _aPROPERTY-COMMERCIAL PROPERTY
942 _n0
948 _c04/03/1997
999 _c44805
_d44805